Villa and cottage architecture (Record no. 114146)

MARC details
000 -LEADER
fixed length control field 00638cam a22001695a 4500
001 - CONTROL NUMBER
control field L156275
008 - FIXED-LENGTH DATA ELEMENTS--GENERAL INFORMATION
fixed length control field 120510s1868 xxk f 000 0 eng d
035 ## - SYSTEM CONTROL NUMBER
System control number (Sirsi) u156275
041 0# - LANGUAGE CODE
Language code of text/sound track or separate title eng
245 00 - TITLE STATEMENT
Title Villa and cottage architecture
Remainder of title select examples of country and suburban residence recently erected. With a full descriptive notice of each building ...
260 ## - PUBLICATION, DISTRIBUTION, ETC.
Place of publication, distribution, etc. London
-- Glasgow [etc.]
Name of publisher, distributor, etc. Blackie & Son
Date of publication, distribution, etc. 1868
300 ## - PHYSICAL DESCRIPTION
Extent xii, 112, [2] p.
Other physical details LXXX pl.
Dimensions 38 cm.
583 0# - ACTION NOTE
Action Condition reviewed
Time/date of action 20120620
Status condition level 4, detached boards
651 #4 - SUBJECT ADDED ENTRY--GEOGRAPHIC NAME
Geographic name Great Britain
Chronological subdivision 1707-
690 ## - LOCAL SUBJECT ADDED ENTRY--TOPICAL TERM (OCLC, RLIN)
Topical term or geographic name as entry element Design and specification
942 ## - ADDED ENTRY ELEMENTS (KOHA)
Suppress in OPAC 0
Holdings
Withdrawn status Lost status Source of classification or shelving scheme Damaged status Not for loan Home library Current library Shelving location Date acquired Total Checkouts Full call number Barcode Date last seen Copy number Price effective from Koha item type
    Dewey Decimal Classification     Historic collection Historic collection Historic collection 10/05/2012   FOLIO 1868 VILLA 30076526 06/08/2019 1 06/08/2019 Book